Κατάλογος Βιβλιοθηκών Mediterranean College

Αγγλικά των επιστημών: (Record no. 9900)

MARC details
000 -LEADER
fixed length control field 00969nam a22002177a 4500
005 - ΗΜΕΡΟΜΗΝΙΑ ΚΑΙ ΩΡΑ ΤΕΛΕΥΤΑΙΑΣ ΕΝΗΜΕΡΩΣΗΣ
Πεδίο ελέγχου 20250827142045.0
006 - FIXED-LENGTH DATA ELEMENTS--ADDITIONAL MATERIAL CHARACTERISTICS
Πεδίο ελέγχου σταθερού μήκους a|||||r|||||||||||
008 - FIXED-LENGTH DATA ELEMENTS--GENERAL INFORMATION
Πεδίο ελέγχου σταθερού μήκους 250827s |||||||| |||| 00| ||gre d
020 ## - ISBN
ISBN 9789925575817
040 ## - ΠΗΓΗ ΚΑΤΑΛΟΓΟΓΡΑΦΗΣΗΣ
Φορέας πρωτότυπης καταλογογράφησης MC Athens Campus Library
Γλώσσα καταλογογράφησης Ελληνικά, Μοντέρνα (1453-)
Modifying agency MC Athens Campus Library
Κανόνες περιγραφικής καταλογογράφησης AACR2
100 ## - MAIN ENTRY--PERSONAL NAME
Personal name Phillips, Terry
Σχέση Επιμελητής
9 (RLIN) 10031
245 10 - ΤΙΤΛΟΣ ΚΑΙ ΔΗΛΩΣΗ ΥΠΕΥΘΥΝΟΤΗΤΑΣ
Τίτλος Αγγλικά των επιστημών:
Remainder of title Οικονομία, Διοίκηση, Λογιστική, Χρηματοοικονομική, Πληροφορική/
Statement of responsibility, etc. Adams John ,McCullagh Marie ,McLisky Marie ,Roberts Mark ,Scott Roger ,Tabor Carol
260 ## - PUBLICATION, DISTRIBUTION, ETC.
Place of publication, distribution, etc. Nicosia:
Name of publisher, distributor, etc. Broken Hill Publishers LTD,
Date of publication, distribution, etc. 2019
300 ## - PHYSICAL DESCRIPTION
Extent 786 σ.;
Διαστάσεις 29 εκ.
650 #0 - SUBJECT ADDED ENTRY--TOPICAL TERM
Topical term or geographic name entry element Εκπαίδευση
9 (RLIN) 9953
650 #0 - SUBJECT ADDED ENTRY--TOPICAL TERM
Topical term or geographic name entry element Αγγλική γλώσσα Γραμματική Μελέτη και διδασκαλία Ελλάδα
9 (RLIN) 10032
700 ## - ΠΡΟΣΘΕΤΗ ΑΝΑΓΡΑΦΗ--ΦΥΣΙΚΟ ΠΡΟΣΩΠΟ
Personal name Adams, John
Σχέση Συγγραφέας
9 (RLIN) 10033
700 ## - ΠΡΟΣΘΕΤΗ ΑΝΑΓΡΑΦΗ--ΦΥΣΙΚΟ ΠΡΟΣΩΠΟ
Personal name Γκιούρης, Θεόδωρος Β.
Σχέση Μεταφραστής
9 (RLIN) 10034
942 ## - ADDED ENTRY ELEMENTS (KOHA)
Koha item type Books
Holdings
Τύπος τεκμηρίου Βιβλιοθήκη Τρέχουσα τοποθεσία Barcode Αριθμός εισαγωγής Ημερομηνία απόκτησης Ταξιθετικό σύμβολο Αριθμός αντιτύπου Κατάσταση απόσυρσης Κατάσταση χαμένου Κατάσταση κατεστραμμένου Μη δανεισμός Σύνολο δανεισμών Ημερομηνία τελευταίας εμφάνισης Η τιμή ισχύει από
Books MC Athens Campus Library MC Athens Campus Library 9780000098696 8136 27/08/2025 428.24024 ADA 1           27/08/2025 27/08/2025

MC Athens Campus Library
Πατησίων 94 & Κοδριγκτώνος 13, 104 34
Πελλήνης 8 & Πατησίων 107, 112 51
Τ: +30 210 8899600

MC Thessaloniki Campus Library
Ίωνος Δραγούμη 21, 54625 | Ίωνος Δραγούμη 15, 54625
Τ: +30 2310 287779 – Τ: +30 2314 440300